Responses for show #4802 - Tuesday, June 21, 2005

Contestants

Mike Bober, a political fundraiser from Arlington, Virginia

Elaine Thacker, a writer and consultant from Pittsburgh, Pennsylvania

Donna Brutkoski, a newspaper copy editor originally from Brandon, Vermont (whose 2-day cash winnings total $30,900)

Jeopardy! Round responses

HISTORIC GREETING CARDS
LIBRARIES
KING JAMES BIBLE BEASTS
LOONEY TUNES
WHAT'S UP, DUCK?
THAT'S "ALL", FOLKS!
    $200 26
the White House

Elaine
    $200 9
a garden

Donna
    $200 3
a leopard

Mike
    $200 1
Porky Pig

Donna
    $200 21
Peking duck

Mike
    $200 16
allergy

Donna
    $400 27
Al Capone

Donna
    $400 10
(Alex: Presidential library in Iowa is that of [*]).

Herbert Hoover

Triple Stumper
    $400 7
horses

Donna
    $400 2
Pepé Le Pew

Elaine
    $400 22
(Elaine: What is What's My Line?)
...
(Alex: The show was called [*], and it was hosted by Groucho Marx.)

You Bet Your Life

Elaine
Triple Stumper
    $400 17
all points bulletin

Donna
    $600 28
Christopher Columbus

Elaine
    $600 11
Dag Hammarskjold

Elaine
    $600 8
(Elaine: What is an ox?)
(Donna: What is a cow?)
...
(Alex: Correct response, what is a [*]? Lots of [*] in the Bible.)

a sheep

DonnaElaine
Triple Stumper
    $600 4
the Tasmanian Devil

Donna
    $600 23
the University of Oregon

Donna
    $600 18
allegro

Donna
    $800 29
Henry VIII

Donna
    $800 12
Columbia

Elaine
    $800 14
(Elaine: What are worms?)
...
(Alex: Talks about the [*] that spoil the vines.)

foxes

Elaine
Triple Stumper
    $800 5
Wile E. Coyote & the Roadrunner

Elaine
    $800 24
a duckbill

Mike
    $800 19
the Allegheny

Elaine
    $1000 30
(Donna: Who is Custer?)

William Tecumseh Sherman

DonnaElaine
    $1000 13
the Vatican library

Triple Stumper
    $1000 15
crossbreeding

Elaine
    $1,200 6
(Alex: You are right! Way to go! See, it pays to have paid attention to the cartoons.)

"What's Opera, Doc?"

Elaine
    $1000 25
The Wild Duck

Triple Stumper
    $1000 20
the alluvial plain

Donna

Scores at the first commercial break (after clue 15):

Donna Elaine Mike
$800 $3,400 $200

Scores at the end of the Jeopardy! Round:

Donna Elaine Mike
$3,800 $5,600 $1,200

Double Jeopardy! Round responses

WORLD LITERATURE
TAKE ME TO YOUR DIRECTOR
VOLCANO, ISLAND OR PENINSULA
BUSINESS JARGON
OTHER PLANETS' MOONS
6-LETTER WORDS
    $400 16
the gauchos

Elaine
    $400 11
Sofia Coppola

Donna
    $400 21
volcano

Elaine
    $400 22
Walt Disney

Donna
    $400 6
craters

Donna
    $400 1
safari

Mike
    $800 17
Victor Hugo

Donna
    $800 12
Stanley Kubrick

Mike
    $800 27
peninsula

Donna
    $800 23
an angel

Elaine
    $800 7
atmosphere

Triple Stumper
    $800 2
a canyon & a cavern

Mike
    $1200 18
Thomas Keneally

Triple Stumper
    $1200 13
Fritz Lang

Elaine
    $1200 28
island

Elaine
    $1200 24
empty

Mike
    $1200 8
Mars

Mike
    $1200 3
menial

Elaine
    $1600 19
John Webster

Triple Stumper
    $1600 14
Adventures in Babysitting

Donna
    $1600 29
peninsula

Donna
    $2,000 25
eyeballs

Mike
    $2,000 9
ice

Mike
    $1600 4
rapier

Mike
    $2000 20
(Donna: Who is Chekhov?)

Pushkin

Donna
Triple Stumper
    $2000 15
[ERRATUM: Rosselini directed the 1954 version, which also starred Bergman.]

Ingrid Bergman

Donna
    $2000 30
(Elaine: What's a peninsula?)

volcano

DonnaElaine
    $2000 26
investment banking

Donna
    $2000 10
Phoebe

Elaine
    $2000 5
mildew

Mike

Scores at the end of the Double Jeopardy! Round:

Donna Elaine Mike
$13,800 $10,800 $13,200

[wagering suggestions for these scores]

Final Jeopardy! Round responses

U.S. COLLEGE TOWNS
ElaineWhat is Charlotte?
$10,799
MikeWhat is [something Alex reads as way]?
$11,999
DonnaWhat is ?
$13,000
Ann Arbor, Michigan

Final scores:

Donna Elaine Mike
$800 $1 $1,201
2nd place: $2,000 3rd place: $1,000 New champion: $1,201

Game dynamics:

Coryat scores:

Donna Elaine Mike
$13,800 $10,600 $12,400
21 R,
3 W
17 R
(including 1 DD),
4 W
12 R
(including 2 DDs),
0 W

Combined Coryat: $36,800

The J! Archive is created by fans, for fans. The Jeopardy! game show and all elements thereof, including but not limited to copyright and trademark thereto, are the property of Jeopardy Productions, Inc. and are protected under law. This website is not affiliated with, sponsored by, or operated by Jeopardy Productions, Inc.